000 00934nam0a22002771 4500
001 rc\3009388
005 20250806200957.0
035 _a(NLR Aleph) 007152022
090 _a4379
_c4379
100 _a20110923d1941 u y0rusy50 ca
101 0 _arus
102 _aRU
105 _aa z |||||
200 1 _aКак ориентироваться
_fШебалин Д.В.
210 _a[Улан-Удэ]
_cБургиз
_d1941
215 _a20 с.
_cил.
_d17 см
300 _aБез тит. л. Описано по обл.
300 _a"Перепеч. со 2-го изд., выпущенного Воениздатом НКО СССР"
700 1 _aШебалин
_bД.В.
_gДмитрий Васильевич
801 0 _aRU
_bNLR
_gpsbo
801 1 _aRU
_bELAR
_2rusmarc
852 _aNLR
_jВ10 Г-2/37
942 _cBOOK
945 _aРоссийская национальная библиотека
980 _aNB
980 _aBV